Online
Catalog

VI Festival internacional de teatro Santo Domingo 2009. (Record no. 26563)

MARC details
000 -CABECERA
campo de control de longitud fija 00585nam a2200157 a 4500
001 - NÚMERO DE CONTROL
campo de control 000027071
005 - FECHA Y HORA DE LA ÚLTIMA TRANSACCIÓN
campo de control 20200930030602.0
008 - DATOS DE LONGITUD FIJA--INFORMACIÓN GENERAL
campo de control de longitud fija 110329s2009 dr a r 000 0 spa d
040 ## - FUENTE DE LA CATALOGACIÓN
Centro catalogador/agencia de origen DO-SdBNP
Lengua de catalogación spa
Centro/agencia transcriptor BNPHU
082 ## - NÚMERO DE LA CLASIFICACIÓN DECIMAL DEWEY
Número de clasificación xxxx
Número de documento/Ítem F418i
111 2# - ENTRADA PRINCIPAL--NOMBRE DE CONGRESO/REUNIÓN
Nombre de congreso/reunión o jurisdicción como elemento de entrada Festival Internacional de Teatro
Número del congreso/reunión o número de parte o sección (6o. :
Fecha del congreso/reunión 2009 jun. 17-24 :
Sede del congreso/Lugar de la reunión Santo Domingo)
9 (RLIN) 54151
245 10 - MENCIÓN DE TÍTULO
Título VI Festival internacional de teatro Santo Domingo 2009.
246 10 - FORMA VARIANTE DE TÍTULO
Título propio/Titulo breve Sexto Festival Internacional de Teatro Santo Domingo 2009
260 ## - PUBLICACIÓN, DISTRIBUCIÓN, ETC.
Lugar de publicación, distribución, etc. Santo Domingo :
Nombre del editor, distribuidor, etc. Secretaría de Estado de Cultura,
Fecha de publicación, distribución, etc. [2009?].
300 ## - DESCRIPCIÓN FÍSICA
Extensión 65 p. :
Otras características físicas il. ;
Dimensiones 27 cm.
Holdings
Estado de retiro Estado de pérdida Restricciones de uso No para préstamo Código de colección Localización permanente Ubicación/localización actual Ubicación en estantería Fecha de adquisición Número de inventario Total de préstamos Signatura topográfica completa Código de barras Fecha visto por última vez Número de copia Precio válido a partir de Tipo de ítem Koha
        Dominicana de Servicio General General En catalogación 29.03.2011 LF1   xxxx F418i 27071-30 25.06.2020 e. 3 25.06.2020 Libro y Folleto Colección Dominicana de Servicio
      Excluido de préstamo Patrimonio Dominicano Patrimonio Dominicano Patrimonio Dominicano Depósito 29.03.2011 LF1   xxxx F418i 27071-10 25.06.2020   25.06.2020 Libro y Folleto Colección Patrimonio Dominicano
      Excluido de préstamo Patrimonio Dominicano Patrimonio Dominicano Patrimonio Dominicano En catalogación 29.03.2011 LF1   xxxx F418i 27071-20 25.06.2020 e. 2 25.06.2020 Libro y Folleto Colección Patrimonio Dominicano

Powered by Koha